000 00614nam a2200229Ia 4500
005 20241129104113.0
008 241129s9999||||xx |||||||||||||| ||und||
020 _a9780367374822
037 _aTextual
040 _aRTL
_beng
_cRTL
041 _aeng
_2eng
084 _aX:87 R1
_qRTL
100 _aZehndorfer Elesa
_9443524
245 0 _aLeadership: Performance beyond expectations
_cZehndorfer Elesa
250 _a2nd
260 _aNew York
_bRoutledge
_c2021
300 _axi 283p.
365 _aINR
_b3589.62
650 _aCommerce
942 _cTB
_hX:87 R1
999 _c1224438
_d1224438